000 00370nam a2200133 4500
999 _c7877
_d7877
020 _a0835954749
050 _aQA76
_b.C66
100 _aGlobe Fearon
245 _aComputer literacy
_cby Globe Fearon
260 _aParsippany, N.J.
_bGlobe Fearon
_c2001
300 _aviii, 344 pages :
_bcolor illustrations
650 _aMicrocomputers -- Study and teaching.
942 _cBK